000 00278nam a2200109Ia 4500
005 20251222144713.0
008 251222s9999||||xx |||||||||||||| ||spa||
082 _a343.092.985/O78
245 0 _aMarco Normativo del Subsector Eléctrico 2008
264 _bOsinergmin
942 _cLIB
999 _c17919
_d17919